Rose et Ninette

Uloženo v:
Podrobná bibliografie
Hlavní autor: Daudet, Alphonse (Autor)
Médium: Kniha
Jazyk:francouzština
Vydáno: París E. Flammarion 1891
Edice:Collection Guillaume
Témata:
Tagy: Přidat tag
Žádné tagy, Buďte první, kdo vytvoří štítek k tomuto záznamu!

MARC

LEADER 00000nam a2200000 a 4500
001 UCU0764
003 CL-VaPUC
008 960329e18910000FR |||||||||||||||||fre|d
082 0 4 |a 843  |b DAU  |2 21 
100 0 |a Daudet, Alphonse  |e author  |9 356170 
245 1 0 |a Rose et Ninette 
300 |a 264 p 
942 |c BK 
945 |d 19960329 00:00:00  |a rbrito 
260 |a París  |b E. Flammarion  |c 1891 
650 0 |a Novela francesa  |9 264985 
583 |a last modification  |c 19960329 00:00:00  |k Rodrigo Vera 
490 0 |a Collection Guillaume 
999 |c 245574  |d 245572 
952 |0 0  |1 0  |4 0  |6 843_000000000000000_DAU_1891  |7 0  |8 A  |9 260119  |a BIBEDU  |b BIBEDU  |d 2019-11-19  |i 3186539  |o 843 DAU 1891  |p 3186539  |r 2019-11-19  |w 2019-11-19  |y BK  |k LIT